| 000 | 00678nam a2200217 a 4500 | ||
|---|---|---|---|
| 005 | 20240809063827.0 | ||
| 008 | 991125s1989 mx 000 0 spa u | ||
| 020 | _a9688406716 | ||
| 035 | _aUPN01000037530 | ||
| 049 | _aCG | ||
| 050 | 4 |
_aPN1993.5 A1 _bZ3.4 |
|
| 100 | 1 |
_aZavala, Lauro, _d1954- _939493 |
|
| 245 | 1 | 0 |
_aMaterial inflamable : _breseñas y crítica cinematográfica / _cLauro Zavala. |
| 260 |
_aMéxico : _bUAM-Xochimilco, _c1989. |
||
| 300 | _a121 p. | ||
| 440 | 3 |
_aLa llave ; _v2 |
|
| 650 | 0 |
_aCinematografía _xHistoria _910591 |
|
| 650 | 4 |
_aCINEMATOGRAFIA - _xPRODUCCION Y DIRECCION _910601 |
|
| 650 | 4 |
_aPELICULAS CINEMATOGRAFICAS - _xCENSURA |
|
| 905 | _aLibro | ||
| 999 |
_c37530 _d37530 |
||